000 01838nam a2200373 c 4500
003 BLK
005 20180420213440.0
008 180412b bul|||||r ||||||| ||bul||
010 _aKNG00002781000
020 _a954-494-097-9
_bиздат.: Унив. изд. Стопанство - на том(ч. 1)
040 _aBLK
041 _aBUL
_cBUL
080 _aСтатистиката като наука. Теория на статистиката
_b311
_x(035)
_z311(035)
080 _aОбработка на статистическа информация
_b519.25
_x(035)
_z519.25(035)
100 1 _aКолев, Николай Вълчев
_eпърви автор
_9244938
700 1 _aНейчев, Пламен Николов
_eсъавт.
_9244939
139 _aКолев, Николай Вълчев и др.
_bК 78
245 1 0 _aПриложна статистика
_bРъководство : Ч. 1 -
_cНиколай Вълчев Колев; съавт. Пламен Николов Нейчев.
_nЧ. 1
257 _aBGR
260 София
_c1993
300 _c24 см
380 _a3
500 _aИзд. на УНСС - София ; Офс. изд.
650 4 _aСтатистически методи
_9244940
650 4 _aМатематическа статистика - наръчници и ръководства
_9244941
653 _aстатистика
653 _aобработка на данни
760 1 _3- на том(ч. 1)
_aКолев, Николай Вълчев
_dУнив. изд. Стопанство, 1993
_h280 с. : с табл., диагр.
_nСъдържа и Програма PRISTAT 1 /П. Нейчев.
_tЧ. 1
852 _aЦб 179737
856 4 _qpdf
_u
856 4 _qpdf
_u
942 _cKNG
_n0
944 _aCR
_c15.01.2003
_kГеновева_Генчева
944 _aED
_c25.02.2004
_kМилена_Ачева
999 _c1874
_d1874